ბათუმის შოთა რუსთაველის სახელმწიფო უნივერსიტეტის ბიბლიოთეკა

საქართველოს "საძიებლად" თურქეთში : (ბიბ.ჩანაწერი № 62718)

000 -ლიდერი
ფიქსირებული სიგრძის საკონტროლო ველი 02071nam a22002537a 4500
003 - საკონტროლო ნომრის იდენტიფიკატორი
საკონტროლო ველი Ge_BSU
005 - ბოლო ოპერაციის თარიღი და დრო
საკონტროლო ველი 20250129172247.0
008 - ფიქსირებული სიგრძის მონაცემთა ელემენტები - ზოგადი ინფორმაცია
ფიქსირებული სიგრძის საკონტროლო ველი 250129s2017 ge ||||| |||| 00| 0 geo d
020 ## - წიგნის საერთაშორისო სტანდარტული ნომერი
International Standard Book Number 9789941270338
041 ## - ენის კოდი
Language code of text/sound track or separate title geo
080 ## - უნივერსალური ათობითი კლასიფიკაციის ინდექსი
Universal Decimal Classification number 94(=353.1)(560)
100 ## - მთავარი ჩანაწერი - პიროვნების სახელი
Personal name შოშიტაშვილი, ნოდარ.
9 (RLIN) 18031
245 ## - ცნობა სათაურის შესახებ
Title საქართველოს "საძიებლად" თურქეთში :
Remainder of title სამი ზაფხული თურქეთელ ქართველებთან /
Statement of responsibility, etc ნოდარ შოშიტაშვილი; რედაქტორები: ჯაბა სამუშია, გელა გურგენიძე, მირიან ხოსიტაშილი ; დიზაინერი რეზო თხილიშვილი ; საქ. პარლამენტის ეროვნული ბიბ-კა, პარლამენტის სამეცნიერო-საინფორმაციო უზრუნველყოფის განყ-ბა.
264 ## - წარმოების, გამოცემის, დისტრიბუციის და სხვა ცნობები
გამოცემის, წარმოების, დისტრიბუციის... ადგილი თბილისი,
გამოცემის, წარმოების, დისტრიბუციის... სახელწოდება (შპს "საჩინო"),
გამოცემის, წარმოების, დისტრიბუციის... თარიღი 2017.
300 ## - ფიზიკური აღწერა
Extent 128 გვ. :
Other physical details ფოტ. ;
Dimensions 24 სმ.
500 ## - ზოგადი შენიშვნა
General note გარეკანზე გოგა ჩანადირის ფოტო.
653 ## - INDEX TERM--UNCONTROLLED
Uncontrolled term ქართველები თურქეთში
700 ## - ADDED ENTRY--PERSONAL NAME
Personal name სამუშია, ჯაბა
Relator term რედაქტორი.
9 (RLIN) 24176
700 ## - ADDED ENTRY--PERSONAL NAME
Personal name გურგენიძე, გელა
Relator term რედაქტორი
9 (RLIN) 22056
700 ## - ADDED ENTRY--PERSONAL NAME
Personal name ხოსიტაშვილი, მირიან
Relator term რედაქტორი
9 (RLIN) 24177
700 ## - ADDED ENTRY--PERSONAL NAME
Personal name თხილიშვილი, რეზო
Relator term დიზაინერი
9 (RLIN) 24178
710 ## - ADDED ENTRY--CORPORATE NAME
Corporate name or jurisdiction name as entry element საქ. პარლამენტის ეროვნული ბიბ-კა. პარლამენტის სამეცნიერო-საინფორმაციო უზრუნველყოფის განყ-ბა
9 (RLIN) 24179
942 ## - ADDED ENTRY ELEMENTS (KOHA)
Source of classification or shelving scheme
Koha item type წიგნი
ეგზემპლარები
ჩამოწერის სტატუსი დაკარგული ეგზემპლარის სტატუსი კლასიფიკაციის წყარო ან თაროზე გაწყობის სქემა დაზიანების სტატუსი არ გაიცემა მუდმივი მდებარეობა (დაცვის ადგილი) ამჟამინდელი ადგილსამყოფელი თაროზე განთავსების ადგილი შეძენის თარიღი ღირებულება, შესყიდვის ნორმალური ფასი სრული შენახვის შიფრი შტრიხკოდი ბოლო ოპერაციის თარიღი ეგზემპლარის მიმდევრობითი ნომერი (კეტერი?) Uniform Resource Identifier ფასის ძალაში შესვლის თარიღი ეგზემპლარის სახეობა საჯარო შენიშვნა
          ბათუმის შოთა რუსთაველის სახელმწიფო უნივერსიტეტის მთავარი ბიბლიოთეკა ბათუმის შოთა რუსთაველის სახელმწიფო უნივერსიტეტის მთავარი ბიბლიოთეკა წიგნსაცავი 2025-01-29 7.00 94(=353.1)(560) 70468 2025-01-29 70468 ნაჩუქარი 2025-01-29 წიგნი 7 ლ.